Biggest Asian "A" Cities by Picture - Statistics

General Stats
  • This quiz has been taken 156 times
  • The average score is 9 of 16
Answer Stats
Picture Hint Answer % Correct
🇹🇷 5,190,000 Ankara
95%
🇰🇿 1,340,000 Astana
89%
🇦🇪 1,200,000 Abu Dhabi
86%
🇯🇴 1,810,000 ʿAmmān
82%
🇮🇳 1,760,000 Āgra
80%
🇰🇿 2,150,000 Almaty
77%
🇮🇳 6,360,000 Ahmedabad
74%
🇸🇾 2,130,000 Aleppo
74%
🇹🇷 1,320,000 Antalya
61%
🇹🇷 1,780,000 Adana
48%
🇵🇭 1,600,000 Angeles
37%
🇨🇳 1,480,000 Ānshān
31%
🇮🇷 1,190,000 Ahvāz
24%
🇮🇳 1,190,000 Aurangābād
23%
🇨🇳 1,190,000 Ānyáng
20%
🇮🇳 1,240,000 Āsansol
11%
No matching quizzes found
Score Distribution
Percent of People with Each Score
Percentile by Number Answered
Your Score History
You have not taken this quiz